000 00656 a2200205 4500
999 _c7847
_d7847
020 _a9781848138827
020 _a9781848138834
050 0 0 _aJZ 6385 UTA 2012
245 0 0 _aAfrican conflicts and informal power :
_bbig men and networks /
_cedited by Mats Utas.
264 _aLondon:
_bZed Books,
_c2012
300 _a255 p. :
_bill. ;
500 _a"In association with the Nordic Africa Institute"--T.p. verso.
504 _aIncludes bibliographical references and index.
650 0 _aConflict management
651 0 _aAfrica
651 0 _aAfrica
700 1 _aUtas, Mats.
710 2 _aNordiska Afrikainstitutet.
942 _2lcc
_cBK
_h6385
_iUTA
_kJZ